A. S. T. M. standards on copper and copper alloys. (Record no. 545276)
[ view plain ]
| 000 -LEADER | |
|---|---|
| fixed length control field | 00516cas a2200169u| 4500 |
| 082 ## - DEWEY DECIMAL CLASSIFICATION NUMBER | |
| Classification number | 620.1820287 |
| Author Mark | AME |
| -- | L-36, P-16 |
| 110 2# - MAIN ENTRY--CORPORATE NAME | |
| Corporate name or jurisdiction name as entry element | American Society for Testing Materials. |
| 9 (RLIN) | 25223 |
| 245 10 - TITLE STATEMENT | |
| Title | A. S. T. M. standards on copper and copper alloys. |
| 260 ## - PUBLICATION, DISTRIBUTION, ETC. | |
| Date of publication, distribution, etc. | Philadelphia. |
| 300 ## - PHYSICAL DESCRIPTION | |
| Extent | p. cm. |
| 526 ## - STUDY PROGRAM INFORMATION NOTE | |
| Program name | 0 |
| Interest level | 0 |
| Reading level | 0 |
| Title point value | 620_182028700000000_AME |
| 590 ## - LOCAL NOTE (RLIN) | |
| Local note | PREMARC/SERLOC merged record |
| 650 #0 - SUBJECT ADDED ENTRY--TOPICAL TERM | |
| Topical term or geographic name entry element | Copper alloys. [from old catalog] |
| 9 (RLIN) | 41081 |
| 650 #0 - SUBJECT ADDED ENTRY--TOPICAL TERM | |
| Topical term or geographic name entry element | Copper. |
| 9 (RLIN) | 40949 |
| 650 #0 - SUBJECT ADDED ENTRY--TOPICAL TERM | |
| Topical term or geographic name entry element | MCE |
| 9 (RLIN) | 379 |
| 942 ## - ADDED ENTRY ELEMENTS (KOHA) | |
| Source of classification or shelving scheme | |
| Koha item type | Book |
| Withdrawn status | Lost status | Source of classification or shelving scheme | Damaged status | Not for loan | Permanent Location | Current Location | Date acquired | Total Checkouts | Full call number | Barcode | Date last seen | Price effective from | Koha item type |
|---|---|---|---|---|---|---|---|---|---|---|---|---|---|
| Military College of Engineering (MCE) | Military College of Engineering (MCE) | 05/20/2014 | 620.1820287 AME | MCE-30870 | 05/20/2014 | 05/20/2014 | Book |
